Countries With The Most Bulgarians Citizens - Statistics

General Stats
  • This quiz has been taken 112 times
  • The average score is 11 of 15
Answer Stats
Number Of Bulgarian Citizens Country % Correct
100,000 United Kingdom
98%
300,000 United States
98%
226,926 Germany
96%
500,000 Turkey
96%
30,000 France
93%
100,000 Greece
93%
250,000 Spain
93%
32,265 Russia
90%
100,000 Italy
88%
70,000 Canada
83%
50,000 North Macedonia
78%
34,809 Netherlands
65%
20,000 Moldova
39%
35,000 Cyprus
27%
20,000 South Africa
15%
No matching quizzes found
Score Distribution
Percent of People with Each Score
Percentile by Number Answered
Your Score History
You have not taken this quiz